| 000 | 00378nam a22000977a 4500 | ||
|---|---|---|---|
| 008 | 160314b xxu||||| |||| 00| 0 eng d | ||
| 100 | _aErler, Martin | ||
| 245 |
_aKatalog der Stempelmarken von Deutschland vol 15 Rentenversicherungsmarken _bCatalog of German revenues - Social Insurence 1923 onward |
||
| 260 |
_aIckingen, Germany _bORA Verlag _c1994 |
||
| 650 | _aSocial Insurance stamps | ||
| 999 |
_c1834 _d1834 |
||